Mathematics for consumers survival (Record no. 3154)

MARC details
000 -LEADER
fixed length control field 00475nam a22001817a 4500
003 - CONTROL NUMBER IDENTIFIER
control field 0
005 - DATE AND TIME OF LATEST TRANSACTION
control field 20220114142411.0
008 - FIXED-LENGTH DATA ELEMENTS--GENERAL INFORMATION
fixed length control field 0
020 ## - INTERNATIONAL STANDARD BOOK NUMBER
International Standard Book Number 066904640x
040 ## - CATALOGING SOURCE
Transcribing agency 0
050 ## - LIBRARY OF CONGRESS CALL NUMBER
Classification number HF5691
Item number .B6241 1981
100 ## - MAIN ENTRY--PERSONAL NAME
Personal name Bittenger,Marvin L.
245 ## - TITLE STATEMENT
Title Mathematics for consumers survival
Statement of responsibility, etc. Marvin L. Bittinger
260 ## - PUBLICATION, DISTRIBUTION, ETC.
Place of publication, distribution, etc. Massachusette:
Name of publisher, distributor, etc. D.C Health and Company;
Date of publication, distribution, etc. c1981.
300 ## - PHYSICAL DESCRIPTION
Extent vii599pages:
Other physical details with Illustration;
Dimensions 23 cm.
504 ## - BIBLIOGRAPHY, ETC. NOTE
Bibliography, etc. note includes index
942 ## - ADDED ENTRY ELEMENTS (KOHA)
Source of classification or shelving scheme Library of Congress Classification
Koha item type Foreign Books
Holdings
Withdrawn status Source of classification or shelving scheme Damaged status Not for loan Home library Current library Date acquired Total Checkouts Full call number Barcode Date last seen Price effective from Koha item type
  Library of Congress Classification     Cainta College Library Cainta College Library 03/26/2018   HF5691.B6241 1981 URSCAI-4120 03/26/2018 03/26/2018 Foreign Books

University of Rizal System
Email us at univlibservices@urs.edu.ph

Visit our Website www.urs.edu.ph/library